Normal view
MARC view
- Radio servicing course; a practical concise text on the use of modern radio service instruments and the rapid and systematic attacking of radio service problems
Entry Topical Term
001 - CONTROL NUMBER
- control field: 105201
003 - CONTROL NUMBER IDENTIFIER
- control field: NUST
005 - DATE AND TIME OF LATEST TRANSACTION
- control field: 20221219124824.0
008 - FIXED-LENGTH DATA ELEMENTS
- fixed length control field: 221219|| aca||aabn | a|a d
040 ## - CATALOGING SOURCE
- Original cataloging agency: NUST
- Transcribing agency: NUST
150 ## - HEADING--TOPICAL TERM
- Topical term or geographic name entry element: Radio servicing course; a practical concise text on the use of modern radio service instruments and the rapid and systematic attacking of radio service problems
670 ## - SOURCE DATA FOUND
- Source citation: Work cat.: (NUST)182970: Ghirardi, Alfred A. 41673, Modern Radio servicing :, 1932
